| Поле | Инд. | ПП | Название | Значение |
|---|---|---|---|---|
| Тип записи | a | |||
| Библиографический уровень | m | |||
| 001 | Контрольный номер | RU/IS/BASE/433443483 | ||
| 005 | Дата корректировки | 20131220011530.3 | ||
| 080 | a | Индекс УДК | 947.0 | |
| 084 | a | Индекс другой классификации/Индекс ББК | Т3(2)45 | |
| 090 | a | Полочн. индекс | 9(47) | |
| x | Авторский знак | П37 | ||
| 100 | 1_ | a | Автор | Платонов Сергей Федорович |
| d | Дата | 1860-1933 | ||
| q | Полное имя | С. Ф. Платонов | ||
| 245 | 10 | a | Заглавие | Очерки по истории Смуты в Московском государстве XVI-XVII вв. |
| b | Продолж. заглавия | (опыт изучения общественного строя и сословных отношений в Смутное время) | ||
| 246 | 05 | a | Другая форма заглавия | Записки историко-филологического факультета императорского Санк-петербургского университета |
| 260 | 0_ | a | Место издания | Санкт-Петербург |
| b | Издательство | типография И. Н. Скороходова | ||
| c | Дата издания | 1899 | ||
| 300 | a | Объем | XIV, 665 с., [1] л. к. | |
| c | Размеры | 22 см | ||
| 440 | a | Серия | Записки Историко-филологического факультета Императорского Санкт-Петербургского университета | |
| n | Номер части | Ч. 52 | ||
| 500 | a | Примечание | Положения, извлеченные из диссертации С. Ф. Платонова | |
| 561 | a | История (примечание) | Из коллекций Тверской публичной библиотеки, Тверского музея | |
| 650 | a | Основная рубрика | Русское государство | |
| x | Основная подрубрика | История | ||
| y | Хронологическая подрубрика | 16-17 вв. | ||
| 653 | a | Ключевые слова | 16 в. | |
| a | Ключевые слова | 17 в. | ||
| a | Ключевые слова | Гермоген, патриарх, о нем | ||
| a | Ключевые слова | История России | ||
| a | Ключевые слова | Московское государство | ||
| a | Ключевые слова | Россия | ||
| a | Ключевые слова | Симеон Бекбулатович, о нем | ||
| a | Ключевые слова | Смутное время | ||
| 852 | t | Порядковый номер экземпляра | 1 | |
| p | Инвентарный номер | 69052 | ||
| x | Примечание, не предназначенное для пользователя | Твер. публ. б-ка | ||
| x | Примечание, не предназначенное для пользователя | Твер. музей | ||
| 901 | t | Тип документа | m | |
| 954 | a | Дата поступления на обработку | 200132509 |